Letter writing Praktická príručka anglické korespondence

Guardado en:
Detalles Bibliográficos
Autor principal: Rejtharová, Vlasta
Formato: Libro
Lenguaje:checo
Publicado: Praha Academia 1996
Edición:4. rozš. vyd.
Materias:
Acceso en línea:Ver en el OPAC
Etiquetas: Agregar Etiqueta
Sin Etiquetas, Sea el primero en etiquetar este registro!

MARC

LEADER 00000nam a2200000 a 4500
005 20260127134007.0
008 000508e1996 xr g cze c
020 |a 8020005552  |c [177.00 SK] 
035 |a vtls008486000 
035 |a SAVUKc061837 
039 9 |a 201410151338  |b muluv04  |c 200603310903  |d mschk03  |y 200602030152  |z VLOAD 
040 |a SAVUK  |b slo  |c SNK  |d STUSCHK1  |e AACR2 
041 1 |a cze 
044 |a xr  |c CZ 
080 |a 651.7(075.4) 
100 0 |a Rejtharová, Vlasta 
242 0 0 |a Letter writting  |y cze 
242 0 0 |a Praktická príručka anglickej korešpondencie  |y cze 
245 1 0 |a Letter writing  |b Praktická príručka anglické korespondence  |c Vlasta Rejtharová 
250 |a 4. rozš. vyd. 
260 |a Praha  |b Academia  |c 1996 
300 |a 286 s.  |b Bibliogr. 
650 0 7 |a anglická korešpondencia  |x príručky 
910 |a savuk 
910 |a SCHK95 
919 |a 80-200-0555-2 
999 |c 1706  |d 1706